000 00518nam a2200205Ia 4500
003 0100
008 130303s9999 xx 000 0 und d
020 _a052137779X
040 _cARRUPELIB
050 _aBF109.F74C36 1992
245 4 _aThe Cambridge companion to Freud
260 _aCambridge
260 _bCambridge University Press
260 _C1992
300 _aix
300 _b 356 p. 24 cm.
440 _aCambridge companions to philosophers series
700 _aJerome , Neu (ed.)
942 0 0 _01
999 _c13200
_d13200